Over/Under: Guinness World Records Quiz Stats

 Plays Quiz Updated Mar 20, 2015

Challenge
Share
Tweet
Embed
Score 0/20 Timer 03:00
2 Plays Today
Question and Number Actual is Over or Under % Correct
Forward rolls in one minute: 60???
78.2%
Canned drinks opened in a minute by a parrot: 12???
73.4%
Collection of Star Wars memorabilia: 25,000 items???
72.7%
Divers holding hands underwater: 50???
68.2%
Seconds of balancing on four fingers: 12???
68%
Big Macs eaten by one person (in a lifetime): 10,000???
68%
Hours spent continuously controlling a soccer/football: 10???
67.2%
Straws stuffed in a mouth (hands off): 500???
64.7%
Toilet seats broken by the head in one minute: 60???
63.7%
Albino kids born to one couple: 5???
54.4%
Question and Number Actual is Over or Under % Correct
Pubs visited by one person: 10,000???
53.4%
Knives thrown around a human target in one minute: 60???
52.6%
Minutes to travel a mile in a sack race: 12???
49.6%
Centimeters of the narrowest street: 50 (20in)???
45%
Seconds to drink 1 liter lemon juice with a straw: 30???
41.5%
Age of oldest base jumper: 90???
39.6%
Cloth pegs clipped to the face in one minute: 60???
37.1%
Collection of Pokémon memorabilia: 25,000 items???
30.5%
People gathered dressed as Superman: 5,000???
27.8%
People gathered dressed as Smurfs: 5,000???
27.4%

You're not logged in!

Compare scores with friends on all Sporcle quizzes.
OR
Log In

You Might Also Like...

Show Comments

Extras

Top Quizzes Today


Score Distribution

Your Account Isn't Verified!

In order to create a playlist on Sporcle, you need to verify the email address you used during registration. Go to your Sporcle Settings to finish the process.

Report this User

Report this user for behavior that violates our Community Guidelines.

Details: